000
00197 a2200097 4500
001
25536
100
_a
Markus, J
245
_a
Television Servicing
260
_a
_b
Mcgraw
_c
090
_c
17260
_d
17260
942
_a
NUST-CAE
_c
M
_c
8070
999
_c
260609
_d
260609